Same Name Slideshow VI Quiz Stats

 Plays Quiz Updated Jan 27, 2018

Score 0/20 Timer 06:00
8 Plays Today
% Correct
Matt (Damon/LeBlanc)
97.7%
Brad (Paisley/Pitt)
91.6%
James (Dean/Franco)
89.8%
Simon (Helberg/Cowell)
89.2%
Ed (Sheeran/Helms)
87.3%
Russell (Brand/Crowe)
86.6%
Lucy (Liu/Hale)
83.5%
Helen (Mirren/Hunt)
82%
Jessica (Alba/Biel)
79.8%
Kristen (Stewart/Wiig)
76.3%
% Correct
Martin (Freeman/Scorsese)
71.7%
Ian (Somerhalder/McKellen)
69.3%
Guy (Fieri/Ritchie)
68.5%
Hilary (Swank/Duff)
67.2%
Nick (Jonas/Cannon)
64.1%
Andy (Serkis/Samberg)
64.1%
Aaron (Paul/Rodgers)
64%
Vanessa (Williams/Hudgens)
60.2%
Emily (Blunt/Ratajkowski)
50.2%
Michelle (Trachtenberg/Rodriguez)
40.7%

You're not logged in!

Compare scores with friends on all Sporcle quizzes.
OR
Log In

Sporcle TV

Today on Sporcle TV


Watch our educational content, quiz creation guides, and fun videos on Sporcle TV.

Show Comments

Extras

Top Quizzes Today


Score Distribution

Your Account Isn't Verified!

In order to create a playlist on Sporcle, you need to verify the email address you used during registration. Go to your Sporcle Settings to finish the process.

Report this User

Report this user for behavior that violates our Community Guidelines.

Details: